| 000 | 00000nam##2200000za#4500 |
| 001 | 9.570882 |
| 003 | CaOODSP |
| 005 | 20210624182444 |
| 007 | cr ||||||||||| |
| 008 | 150406|2003||||xxc|||||o f|0| 0 eng|d |
| 040 | |aCaOODSP|beng |
| 043 | |an-cn--- |
| 086 | 1 |aYC33-1-0/372-14E-PDF |
| 110 | 1 |aCanada. |bParliament. |bSenate. |bSubcommittee on Veterans Affairs. |
| 245 | 10|aOccupational stress injuries : |h[electronic resource]|bthe need for understanding / |cThe Honourable Michael A. Meighen, chair ; the Honourable John (Jack) Wiebe, deputy chair. |
| 246 | 3 |aReport of the Subcommittee on Veterans Affairs of the Standing Senate Committee on National Security and Defence |
| 260 | |aOttawa - Ontario : |bSenate. |cJune 2003. |
| 300 | |a58p.|breferences |
| 490 | 1 |aReport of the Subcommittee on Veterans' Affairs|v[37th Parliament, 2nd Session, 14th report] |
| 590 | |a11-12-Supp|b2011-07-29 |
| 775 | 08|tTraumatismes liés au stress : |w(CaOODSP)9.601526 |
| 830 | #0|aReport of the Subcommittee on Veterans' Affairs ;|v[37th Parliament, 2nd Session, 14th report]|w(CaOODSP)9.506416 |
| 856 | 40|ahttp://publications.gc.ca|qPDF|s363 KB|uhttps://publications.gc.ca/collections/collection_2011/sen/yc33-1-0/YC33-1-0-372-14-eng.pdf|y[37th Parliament, 2nd Session, 14th report] |